La seguridad deportiva a debate

Detalles Bibliográficos
Autor principal: Garca̕, Antonio Ala̕s
Otros Autores: Garca̕ Tascn̤, Marta, Magaz Gonzl̀ez, Ana M®, Jaenes Sǹchez, Jos ̌Carlos
Formato: eBook
Lenguaje:español
Publicado: Madrid: Dykinson, 2019
Materias:
Acceso en línea:Acceso restringido

MARC

LEADER 00000nam a22000007a 4500
005 2020052104374.0
007 cr|||| ||||
008 200521s2019 es |||||s|||| 00||0 spa d
020 |a 978-84-1324-474-7 
035 |a 31430 
040 |a vLex 
090 |c 10375  |d 10375 
100 1 |a Garca̕, Antonio Ala̕s 
245 1 2 |a La seguridad deportiva a debate  |h [Recurso electrn̤ico] /  |c Antonio Ala̕s Garca̕, Marta Garca̕ Tascn̤, Ana M® Magaz Gonzl̀ez, Jos ̌Carlos Jaenes Sǹchez 
256 |a Servicio en ln̕ea 
260 |a Madrid:  |b Dykinson,  |c 2019 
300 |a 1 recurso electrn̤ico 
506 1 |a Disponible solo en los productos indicados  |d vLex Global  |d vLex Global (Academic Edition, excluding Law Schools)  |d vLex Global (U.S. Academic Edition, Law Schools)  |d vLex Global (U.S. Academic Edition, excluding Law Schools)  |d vLex Global (Academic Edition, Law Schools) 
650 0 4 |a Derecho Pb︢lico y Administrativo  |z Espaą 
700 1 |a Garca̕ Tascn̤, Marta 
700 1 |a Magaz Gonzl̀ez, Ana M® 
700 1 |a Jaenes Sǹchez, Jos ̌Carlos 
740 0 |a vLex Libros (Servicio en ln̕ea) 
856 4 0 |u http://vlex.com/source/seguridad-deportiva-debate-31430  |z Acceso restringido 
942 |c BOOK 
999 0 |a Public and Administrative Law